LAW REPORTS OF THE COMMON WEALTH 2015 (Record no. 216289)

MARC details
000 -LEADER
fixed length control field 00532nam a22001817a 4500
008 - FIXED-LENGTH DATA ELEMENTS--GENERAL INFORMATION
fixed length control field 251126b |||||||| |||| 00| 0 eng d
020 ## - INTERNATIONAL STANDARD BOOK NUMBER
International Standard Book Number
050 ## - LIBRARY OF CONGRESS CALL NUMBER
Classification number REF: KD122.l39 2015 v.1
100 ## - MAIN ENTRY--PERSONAL NAME
Personal name PROF: JAMES EMERITUS READ S
245 ## - TITLE STATEMENT
Title LAW REPORTS OF THE COMMON WEALTH 2015
250 ## - EDITION STATEMENT
Edition statement VOL 1
260 ## - PUBLICATION, DISTRIBUTION, ETC.
Place of publication, distribution, etc. UNITED KINGDOM
Name of publisher, distributor, etc. LEXIS NEXIS
Date of publication, distribution, etc. 2015
300 ## - PHYSICAL DESCRIPTION
Extent X,825
650 ## - SUBJECT ADDED ENTRY
Topical term or geographic name entry element Legal reports, digests etc common wealth
700 ## - ADDED ENTRY--PERSONAL NAME
Personal name PHD:SLINN PETER E
942 ## - ADDED ENTRY ELEMENTS (KOHA)
Source of classification or shelving scheme Library of Congress Classification
Koha item type Reference
Holdings
Withdrawn status Lost status Source of classification or shelving scheme Damaged status Not for loan Collection Home library Current library Shelving location Date acquired Inventory number Total checkouts Full call number Barcode Date last seen Copy number Price effective from Koha item type
    Library of Congress Classification   Not for loan Reference Kisii University Library Kisii University Library On Display 11/26/2025 110095   REF: KD 122.L39 2015 V.1 000000020858 11/26/2025 C.1 11/26/2025 Reference
    Library of Congress Classification   Not for loan Reference Kisii University Library Kisii University Library On Display 11/26/2025 110096   REF: KD 122.L39 2015 V.1 000000020857 11/26/2025 C.2 11/26/2025 Reference
    Library of Congress Classification   Not for loan Reference Kisii University Library Kisii University Library On Display 11/26/2025 110097   REF: KD 122.L39 2015 V.1 000000020856 11/26/2025 C.3 11/26/2025 Reference
    Library of Congress Classification   Not for loan Reference Kisii University Library Kisii University Library On Display 11/26/2025 110098   REF: KD 122.L39 2015 V.1 000000020855 11/26/2025 C.4 11/26/2025 Reference
    Library of Congress Classification   Not for loan Reference Kisii University Library Kisii University Library On Display 11/26/2025 110099   REF: KD 122.L39 2015 V.1 000000020854 11/26/2025 C.5 11/26/2025 Reference
    Library of Congress Classification   Not for loan Reference Kisii University Library Kisii University Library On Display 11/26/2025 110100   REF: KD 122.L39 2015 V.1 000000020853 11/26/2025 C.6 11/26/2025 Reference
    Library of Congress Classification   Not for loan Reference Kisii University Library Kisii University Library On Display 11/26/2025 110101   REF: KD 122.L39 2015 V.1   11/26/2025 C.7 11/26/2025 Reference
    Library of Congress Classification   Not for loan Reference Kisii University Library Kisii University Library On Display 11/26/2025 110102   REF: KD 122.L39 2015 V.1 000000020752 11/26/2025 C.8 11/26/2025 Reference